Analyse de l'Evangile, selon l'ordre historique de la concorde, avec des dissertations sur les lieux difficiles

Detalles Bibliográficos
Autor principal: ORATOIRE, Pedro de
Formato: Libro
Publicado: París 1692
Edición:2a.ed.
Materias:
Colección:Banco de datos
Acervo:Biblioteca Nacional de Antropología e Historia. Fondo Conventual
Descripción Física:4a,parte.
Tema general:Biblia
Notas:Regular. XV, 4, 17. Ex libris en sello de Antonio de la Rosa, y un ex libris manuscrito ilegible.
LEADER 00815nam a22002170004500
035 |a 6652 
036 |a 1257 
100 1 |a ORATOIRE, Pedro de 
245 1 0 |a Analyse de l'Evangile, selon l'ordre historique de la concorde, avec des dissertations sur les lieux difficiles 
250 |a 2a.ed. 
260 |a París  |b Luis Roulland  |c 1692 
300 |a 4a,parte. 
500 |a Regular. XV, 4, 17. Ex libris en sello de Antonio de la Rosa, y un ex libris manuscrito ilegible. 
650 1 0 |a Biblia 
949 |a B.N.A.H. 
959 |a Biblioteca Nacional de Antropología e Historia. Ciudad de México  |b CCC1 
960 |a Seminario de Morelia  |b DD56 
961 |a Casa de formación del Clero Secular  |b CS 
942 |c B.N.A.H. 
943 |g Biblioteca Nacional de Antropología e Historia. Fondo Conventual 
999 |c 1031184  |d 1031184